| 000 | 01459cam a22003494a 4500 | ||
|---|---|---|---|
| 001 | 12373727 | ||
| 005 | 20010823101431.0 | ||
| 008 | 010409s2001 maua b 001 0 eng | ||
| 010 | _a2001022856 | ||
| 020 | _a1580532683 (alk. paper) | ||
| 040 |
_aDLC _cDLC _dDLC |
||
| 042 | _apcc | ||
| 050 | 0 | 0 |
_aHG1710 _b.O45 2001 |
| 082 | 0 | 0 |
_a332.0285 _221 _bOMA |
| 100 | 1 |
_aO'Mahony, Donal, _d1961- _96305 |
|
| 245 | 1 | 0 |
_aElectronic Payment Systems for E-Commerce / _cDonal O'Mahony, Michael Peirce, Hitesh Tewari. |
| 250 | _a2nd ed. | ||
| 260 |
_aBoston : _bArtech House, _cc2001. |
||
| 300 |
_axiv, 345 p. : _bill. ; _c24 cm. |
||
| 440 | 0 |
_aArtech House computer security series _96306 |
|
| 500 | _aRev. ed. of: Electronic payment systems, c1997. | ||
| 504 | _aIncludes bibliographical references and index. | ||
| 650 | 0 |
_aElectronic funds transfers. _96307 |
|
| 650 | 0 |
_aData encryption (Computer science) _96308 |
|
| 650 | 0 |
_aInternet. _96309 |
|
| 700 | 1 |
_aPeirce, M. A. _q(Michael A.) _96310 |
|
| 700 | 1 |
_aTewari, Hitesh. _96311 |
|
| 700 | 1 |
_aO'Mahony, Donal, _d1961- _tElectronic payment systems. _96312 |
|
| 942 |
_2ddc _cBB |
||
| 999 |
_c11866 _d11866 |
||